000 00763nam a2200265Ia 4500
003 OSt
005 20220926014518.0
006 a|||||r|||| 00| 0
007 ta
008 220923b |||||||| |||| 00| 0 eng d
020 _a0070465282
037 _cGeneral Book
040 _aRTL
_cRTL
_beng
041 _2eng
_aeng
082 _aX:513, L4
100 _aNicosia Francesco M
_9125941
245 0 _aAdvertising, management and society
_b A business po
260 _aNew York
_bMcGraw-Hill
_c1974
300 _axx,386p
_ccm.
490 _aProject of the Consumer Research Program
500 _aBibliography: p 371-378
650 _aAdvertising
942 _hX:513, L4
_cGB
_2CC
999 _c629240
_d629240